Novelas cortas / (Registro nro. 48403)
[ vista simple ]
| 000 -LEADER | |
|---|---|
| fixed length control field | 01408cam a2200337 i 4500 |
| 001 - CONTROL NUMBER | |
| control field | 48403 |
| 003 - CONTROL NUMBER IDENTIFIER | |
| control field | Mx-PuUPA |
| 005 - DATE AND TIME OF LATEST TRANSACTION | |
| control field | 20251217102253.0 |
| 008 - FIXED-LENGTH DATA ELEMENTS--GENERAL INFORMATION | |
| fixed length control field | 140415s1900 sp a gr 000 f spa d |
| 040 ## - CATALOGING SOURCE | |
| Original cataloging agency | Mx-PuUPA |
| Transcribing agency | Mx-PuUPA |
| Language of cataloging | spa |
| Modifying agency | Mx-PuUPA |
| Description conventions | rda |
| 041 0# - LANGUAGE CODE | |
| Language code of text/sound track or separate title | spa |
| 100 1# - MAIN ENTRY--PERSONAL NAME | |
| Personal name | De Amicis, Edmondo, |
| Dates associated with a name | 1846-1908, |
| Relator term | autor |
| 9 (RLIN) | 15965 |
| 245 10 - TITLE STATEMENT | |
| Title | Novelas cortas / |
| Statement of responsibility, etc. | por Edmundo de Amicis ; traducidas por Manuel Aranda y Sanjuan |
| 264 #1 - PRODUCTION, PUBLICATION, DISTRIBUTION, MANUFACTURE, AND COPYRIGHT NOTICE | |
| Place of production, publication, distribution, manufacture | Barcelona : |
| Name of producer, publisher, distributor, manufacturer | Montaner y Simón, Editores, |
| Date of production, publication, distribution, manufacture, or copyright notice | 1900 |
| 300 ## - PHYSICAL DESCRIPTION | |
| Extent | 351 páginas : |
| Other physical details | ilustraciones ; |
| Dimensions | 25 cm |
| 336 ## - CONTENT TYPE | |
| Fuente | rdacontent |
| Content type term | texto |
| Content type code | txt |
| 336 ## - CONTENT TYPE | |
| Fuente | rdacontent |
| Content type term | imagen fija |
| Content type code | sti |
| 337 ## - MEDIA TYPE | |
| Source | rdamedia |
| Media type term | sin medio |
| Media type code | n |
| 338 ## - CARRIER TYPE | |
| Source | rdacarrier |
| Carrier type term | volumen |
| Carrier type code | nc |
| 500 ## - GENERAL NOTE | |
| General note | Lic. Arturo Fernández Aguirre, Núm, 1326, (sello en tinta y en seco en portada). |
| 500 ## - GENERAL NOTE | |
| General note | Láminas Holandesa pergamino.<br/><br/> |
| 500 ## - GENERAL NOTE | |
| General note | Clásica encuadernación. Cubierta rígida en tela editorial. Lomera y punteras en pergamino. Gurdas decoradas. |
| 505 0# - FORMATTED CONTENTS NOTE | |
| Formatted contents note | Los amigos de colegio ; Camila ; Furio ; Un gran día ; Alberto ; Fortaleza ; La casa paterna. |
| 655 #7 - INDEX TERM--GENRE/FORM | |
| Source of term | armarc |
| Genre/form data or focus term | Novela italiana |
| Chronological subdivision | Siglo XIX |
| 700 1# - ADDED ENTRY--PERSONAL NAME | |
| Personal name | Aranda y Sanjuan, Manuel, |
| Relator term | traductor |
| 700 1# - ADDED ENTRY--PERSONAL NAME | |
| Personal name | Ferraguti, A., |
| Relator term | ilustrador |
| 700 1# - ADDED ENTRY--PERSONAL NAME | |
| Personal name | Fernández Aguirre, Arturi, |
| Relator term | antiguo poseedor |
| 942 ## - ADDED ENTRY ELEMENTS (KOHA) | |
| Source of classification or shelving scheme | Dewey Decimal Classification |
| Koha item type | Libro |
| Classification part | 863.208 |
| Item part | A516 |
| Withdrawn status | Lost status | Source of classification or shelving scheme | Damaged status | Not for loan | Collection code | Home library | Current library | Shelving location | Date acquired | Total Checkouts | Full call number | Barcode | Date last seen | Price effective from | Koha item type |
|---|---|---|---|---|---|---|---|---|---|---|---|---|---|---|---|
| Dewey Decimal Classification | Consulta en sala | Fondo Antiguo | Biblioteca Karol Wojtyla | Biblioteca Karol Wojtyla | Sala "Colecciones Especiales" | 11/07/2024 | 863.208 A516 1900 | 11465 | 05/01/2026 | 11/07/2024 | Libro |